Identifying AI-Replaceable Jobs in SMEs: A Process Proposal
Navrhnutie procesu identifikácie pracovísk, o ktorých sa dá predpokladať, že budú nahradené umelou inteligenciou (AI) v horizonte 2023-2027. Súbor podnikov je obmedzený na malú vzorku z dôvodu vysokej prácnosti navrhovaného postupu riešenia. Na základe zistení výskumu zo 6 podnikov v rôznych sektoro...
Salvato in:
| Autore principale: | |
|---|---|
| Altri autori: | |
| Natura: | Capitolo di libro |
| Lingua: | inglese |
| Soggetti: | |
| Tags: |
Nessun Tag, puoi essere il primo ad aggiungerne!!
|
MARC
| LEADER | 00000naa a2200000 4500 | ||
|---|---|---|---|
| 001 | 0307280 | ||
| 005 | 20250225132420.9 | ||
| 041 | 0 | |a eng | |
| 044 | |a SK | ||
| 245 | 1 | 0 | |a Identifying AI-Replaceable Jobs in SMEs: A Process Proposal |c Katarína Havierniková, Jozef Klučka |
| 520 | |a Navrhnutie procesu identifikácie pracovísk, o ktorých sa dá predpokladať, že budú nahradené umelou inteligenciou (AI) v horizonte 2023-2027. Súbor podnikov je obmedzený na malú vzorku z dôvodu vysokej prácnosti navrhovaného postupu riešenia. Na základe zistení výskumu zo 6 podnikov v rôznych sektoroch výsledky ukazujú, že implementácia AI sa medzi sektormi výrazne líši, pričom najvyšší vplyv bol identifikovaný v prípade pracovísk súvisiacich s marketingovými aktivitami a analýzou údajov. | ||
| 610 | 2 | 0 | |a miesta pracovné |
| 610 | 2 | 0 | |a zamestnanci |
| 610 | 2 | 0 | |a trh práce |
| 610 | 2 | 0 | |a inteligencia umelá |
| 610 | 2 | 0 | |a automatizácia |
| 610 | 2 | 0 | |a technológie inteligentné |
| 610 | 2 | 0 | |a ekonomika |
| 610 | 2 | 0 | |a sektory hospodárske |
| 100 | 1 | |a Havierniková, Katarína | |
| 700 | 1 | |a Klučka, Jozef | |